Impact of migration from CEE countries on employment and wages in EU member states

Vplyv migrácie z asociovaných krajín strednej a východnej Európy na zamestnanosť a mzdy v krajinách EÚ. Štruktúra migrantov z hľadiska dosiahnutého stupňa vzdelania. Základné faktory ovplyvňujúce migráciu. Dohady o celkovom počte migrantov po prijatí asociovaných krajín do EÚ.

Saved in:
Bibliographic Details
Main Author: Rievajová, Eva
Format: Book Chapter
Language:English
Subjects:
Tags: Add Tag
No Tags, Be the first to tag this record!

MARC

LEADER 00000naa a2200000 4500
001 r044603
005 20230918081756.9
041 0 |a eng 
044 |a SK 
245 1 0 |a Impact of migration from CEE countries on employment and wages in EU member states  |c Eva Rievajová 
520 |a Vplyv migrácie z asociovaných krajín strednej a východnej Európy na zamestnanosť a mzdy v krajinách EÚ. Štruktúra migrantov z hľadiska dosiahnutého stupňa vzdelania. Základné faktory ovplyvňujúce migráciu. Dohady o celkovom počte migrantov po prijatí asociovaných krajín do EÚ. 
610 2 0 |a migrácia 
610 2 0 |a SVE 
610 2 0 |a Európska únia 
610 2 0 |a vzdelanie 
610 2 0 |a trh práce 
610 2 0 |a mzdy 
100 1 |a Rievajová, Eva